Wonder women : (Record no. 366711)
[ view plain ]
| 000 -LEADER | |
|---|---|
| fixed length control field | 00618nam a22001937a 4500 |
| 003 - CONTROL NUMBER IDENTIFIER | |
| control field | 0 |
| 005 - DATE AND TIME OF LATEST TRANSACTION | |
| control field | 20241114102508.0 |
| 008 - FIXED-LENGTH DATA ELEMENTS--GENERAL INFORMATION | |
| fixed length control field | 241114b xxu||||| |||| 00| 0 eng d |
| 020 ## - INTERNATIONAL STANDARD BOOK NUMBER | |
| International Standard Book Number | 978-1-78312-475-6 |
| 082 ## - DEWEY DECIMAL CLASSIFICATION NUMBER | |
| Classification number | REF 920.72 |
| Item number | W899 2019 |
| 100 ## - MAIN ENTRY--PERSONAL NAME | |
| Personal name | Woodward, Kay |
| 245 ## - TITLE STATEMENT | |
| Title | Wonder women : |
| Remainder of title | true stories of iconic women to inspire a new generation |
| Statement of responsibility, etc | Kay Woodward. |
| 260 ## - PUBLICATION, DISTRIBUTION, ETC. (IMPRINT) | |
| Place of publication, distribution, etc | London : |
| Name of publisher, distributor, etc | Carlton Books Limited, |
| Date of publication, distribution, etc | c2019. |
| 300 ## - PHYSICAL DESCRIPTION | |
| Extent | 64 p. : |
| Other physical details | col. ill. ; |
| Dimensions | 35 cm. |
| 504 ## - BIBLIOGRAPHY, ETC. NOTE | |
| Bibliography, etc | Includes index. |
| 650 ## - SUBJECT ADDED ENTRY--TOPICAL TERM | |
| Topical term or geographic name as entry element | Women |
| Form subdivision | Juvenile literature. |
| 650 ## - SUBJECT ADDED ENTRY--TOPICAL TERM | |
| Topical term or geographic name as entry element | Women |
| Form subdivision | Biographies |
| General subdivision | Juvenile literature. |
| 942 ## - ADDED ENTRY ELEMENTS (KOHA) | |
| Source of classification or shelving scheme | Dewey Decimal Classification |
| Koha item type | Books |
| Withdrawn status | Lost status | Source of classification or shelving scheme | Damaged status | Home library | Current library | Shelving location | Date acquired | Source of acquisition | Sub Shelving location | Total Checkouts | Full call number | Barcode | Date last seen | Price effective from | Koha item type |
|---|---|---|---|---|---|---|---|---|---|---|---|---|---|---|---|
| Dewey Decimal Classification | Munich Library | Munich Library | Reference Section | 11/14/2024 | Library Fund | REF 920.72 W899 2019 | M8638 | 11/14/2024 | 11/14/2024 | Books |